000 00632nam a2200241Ia 4500
003 OSt
005 20221005092706.0
006 a|||||r|||| 00| 0
007 ta
008 221004b |||||||| |||| 00| 0 eng d
024 _a80674
037 _bGift, 01/01/2005,
_cTextual
040 _aCRL
_cCRL
_beng
041 _2eng
_aeng
082 _aV73:19, N4
100 _aKissinger Henry
245 0 _aDiplomacy
260 _aNew York
_bSimon & Schuster USA
_c1994
300 _a912p.
_ccm.
650 _aHISTORY
942 _hV73:19, N4
_cTEXL
_2cc
999 _c999235
_d999235